000 00290nam a22001337a 4500
008 181001b xxu||||| |||| 00| 0 eng d
020 _a9781412987592
041 _aeng
080 _a371
100 _a25
101 _aEDU
245 _aTechnology in schools
_cBrady,K.P
942 _2udc
_cBK
999 _c48733
_d48733